Statistiques concernant Les meilleurs joueurs sur FIFA 24 (EA FC 24)

Cliquez ici pour prendre le quiz!

Statistiques générales

  • Ce quiz a été pris 2 014 fois
  • Le résultat moyen est 11 sur 20

Statistiques - réponses

NoteJoueurs% Correct
91Kylian Mbappé
99%
90Lionel Messi
94%
91Erling Haaland
93%
91Kevin De Bruyne
86%
90Karim Benzema
72%
90Robert Lewandowski
67%
90Thibaut Courtois
65%
89Neymar Jr
60%
89Vinicius Jr
59%
89Mohamed Salah
58%
89Virgil van Dijk
54%
90Harry Kane
53%
89Alisson
51%
89Rodri
50%
89Rúben Dias
49%
89Marc-André ter Stegen
42%
88Antoine Griezmann
27%
89Casemiro
23%
88Bruno Fernandes
18%
88Victor Osimhen
13%

Distribution des résultats

Percentile par nombre de réponses

% des personnes avec chaque résultat

Votre développement - résultats

Vous n’avez pas pris ce quiz